Human behavior : a social work perspective

Bibliographic Details
Main Authors: Berger, Robert (Author), Federico, Ronald C. (Author)
Format: Book
Published: New York London : Longman , 1982
Subjects:

MARC

LEADER 00000cam a2200000 7i4500
001 0000007026
005 20160721093000.0
008 021119s1982
020 |a 0582281806 
050 0 0 |a HV43   |b .B45 
090 0 0 |a HV43   |b .B45 
100 0 |a Berger, Robert ,   |e author 
245 1 0 |a Human behavior :   |b a social work perspective   |c Robert Berger, Ronald Federico and the Westchester County Social Work Education Consortium 
260 2 |a New York   |a London :   |b Longman ,   |c 1982 
300 |a 174 p. ;   |c 23 cm. 
504 |a Includes bibliographical references and index 
650 0 |a Human behavior 
650 0 |a Social case work 
700 1 |a Federico, Ronald C. ,   |e author 
999 |a 1000027441   |b Book   |c OPEN SHELF (30 DAYS)   |e Gong Badak Campus